| 000 | 00708nam a22002417a 4500 | ||
|---|---|---|---|
| 008 | 131116b xxu||||| |||| 00| 0 eng d | ||
| 020 | _a81-85771-60-X | ||
| 024 | _cAvailable | ||
| 037 | _cAvaialble | ||
| 040 |
_aMBSTU LBIRARY _dMBSTU LBIRARY |
||
| 082 |
_222 _a577.27 MIE |
||
| 100 | _aMistra, K.D. | ||
| 245 | _aEcology of polluted waters and toxicology. | ||
| 260 |
_aIndia _bABD Publishers. _c2003 |
||
| 300 |
_a21 cm. _b311 page _f1 _g21 cm. |
||
| 600 | _2Ecology-pollution. | ||
| 650 | _2Ecology-pollution. | ||
| 700 | _aMistra, K.D. | ||
| 270 |
_aIndia _bIndia _dIndia |
||
| 365 |
_b975.00 _d975.00 |
||
| 942 |
_2ddc _cBK |
||
| 999 |
_c840 _d840 |
||